[Event "68th RUS-ch Women Superfinal 2018"]
[Site "Satka"]
[Date "2018.09.01"]
[Round "7"]
[White "Kashlinskaya, Alina"]
[Black "Galliamova, Alisa"]
[Result "1/2-1/2"]
[WhiteElo "2440"]
[BlackElo "2424"]
[Annotator "TA"]
[PlyCount "167"]
[EventDate "2018.08.25"]
[EventType "tourn"]
[EventCountry "RUS"]
[SourceTitle "playchess.com"]
[Source "ChessBase"]
[SourceQuality "1"]

{[%evp 19,167,2,18,3,11,-15,-13,-18,-30,-35,-14,-25,-29,-14,-18,-18,-26,-16,41,41,54,54,54,54,54,50,106,107,129,120,124,127,106,116,323,327,292,144,154,147,157,154,159,171,277,16,110,92,395,99,99,99,102,102,108,91,95,92,84,82,82,81,151,80,79,82,96,67,69,22,54,55,80,80,86,77,74,80,77,65,64,93,231,229,239,237,278,291,273,118,118,118,118,118,154,111,111,104,126,118,127,118,146,140,153,92,107,54,54,57,50,52,49,18,20,18,18,12,18,18,18,18,18,8,18,4,12,12,18,12,18,18,18,8,8,8,8,8,8,8,8,8,8,8,8,8,8,8,8,8]} 1. e4 e5 2. Nf3 Nc6 3. Bc4 Nf6 4. Ng5 d5 5. exd5 Na5 6. Bb5+ c6 7. dxc6 bxc6 8. Bd3 Nd5 {C58: Two Knights: 4 Ng5 d5 5 exd5 Na5 sidelines} 9. h4 (9. Nf3 Bd6 10. O-O O-O 11. Re1 f5 12. Nxe5 Qf6 13. Nf3 g5 14. g3 f4 15. Nc3 fxg3 16. hxg3 Nxc3 17. dxc3 {½-½ (52) Kovalev,V (2639)-Demchenko,A (2660) Riadh 2017}) 9... Qc7 10. Nc3 h6 {LiveBook: 3 Games} 11. Nf3 Bd6 $1 12. Nxd5 cxd5 13. Bb5+ Nc6 14. O-O O-O 15. d4 e4 16. Bxc6 $1 Qxc6 {[#]} 17. Ne5 $146 Qc7 18. Qh5 f5 (18... a5 $11) 19. Bf4 $14 Ba6 20. Rfe1 $36 {[%cal Bf1e1,Be1e3,Be3g3][%mdl 2080] White has some pressure.} Bb5 21. Re3 {Black must now prevent Rg3.} Be8 22. Qe2 Bxe5 (22... a5 $14) 23. Bxe5 $16 Qe7 24. Rg3 Rf7 25. Qa6 {Strongly threatening Qxh6.} f4 26. Rg4 h5 $2 (26... Bd7 $16 27. Rxf4 Rxf4 28. Bxf4 Rf8) 27. Rg5 $18 (27. Rxf4 Rxf4 28. Bxf4 Qxh4 $18) 27... Qd7 28. Qe2 (28. Qh6 $18) 28... f3 $16 29. Qd2 Rc8 30. gxf3 Qh3 31. fxe4 ({Don't do} 31. Rxh5 $6 exf3 32. Rg5 Qxh4 $11) 31... Qxh4 (31... Bd7 $142 32. exd5 Bf5) 32. Bg3 $2 (32. f4 $18 {aiming for Qg2.} Qh3 33. exd5) 32... Qxe4 (32... Rxc2 $1 $11 33. Bxh4 Rxd2) 33. Re1 ({Reject} 33. Rxh5 $6 Rxf2 34. Rh8+ Kxh8 $14) 33... Qf3 $2 {[%mdl 8192]} (33... Qh7 $16) 34. Qe3 $2 ({Weaker is} 34. Re3 Qf6 $16) (34. Be5 $18 Rd7 35. Re3) 34... Qxe3 35. Rxe3 Rb7 36. b3 Bf7 37. Be5 g6 38. Reg3 Kh7 39. c3 Rg8 40. Rf3 Be6 (40... Rc8 $142) 41. Kh2 ({Better is} 41. Rf6 Bf5 42. c4) 41... Rf7 42. Rxf7+ Bxf7 {[%mdl 4096] Endgame KRB-KRB} 43. Rg1 g5 44. Rc1 Rc8 45. f4 g4 46. f5 Kh6 {[#]} 47. Bf4+ $1 Kg7 {[#]} 48. Bg5 $1 Re8 49. c4 dxc4 50. bxc4 h4 (50... Re4 $16) 51. Bxh4 $18 Re3 {Black wants to play ...Rh3+.} 52. Kg2 Rf3 53. d5 Rxf5 54. d6 (54. Rd1 $18 {and White stays clearly on top.}) 54... Be8 $16 55. c5 {c6 is the strong threat.} Bc6+ 56. Kg3 Rd5 57. Kxg4 Rd4+ 58. Kg3 {And now Re1 would win.} Rd3+ 59. Kf2 Rf3+ 60. Ke2 Rh3 61. Bf2 Kf7 62. Rb1 (62. Rg1 $142) 62... Ke6 63. Rb8 (63. Kf1 $16) 63... Ra3 $14 64. Rc8 Bb5+ 65. Kd1 {Threatens to win with Rc7.} Rxa2 66. Bg3 {Hoping for c6.} Ra3 {The position is equal.} 67. Bf4 Rf3 68. Bd2 Rf7 69. Kc2 Kd5 70. Be3 a5 71. Rh8 a4 72. Rh5+ Kc6 73. Kb2 Rg7 74. Re5 Rh7 75. Ka3 Rg7 76. Re7 Rxe7 77. dxe7 $11 {KB-KB} Kd7 78. Kb4 Bc6 79. Bg5 Ke8 80. Ka5 a3 81. Kb6 a2 82. Bf6 Bd7 83. c6 Bxc6 84. Kxc6 {Precision: White = 52%, Black = 60%.} 1/2-1/2

[Event "68th RUS-ch Women Superfinal 2018"]
[Site "Satka"]
[Date "2018.09.01"]
[Round "7"]
[White "Protopopova, Anastasiya"]
[Black "Kosteniuk, Alexandra"]
[Result "0-1"]
[WhiteElo "2332"]
[BlackElo "2559"]
[Annotator "TA"]
[PlyCount "72"]
[EventDate "2018.08.25"]
[EventType "tourn"]
[EventCountry "RUS"]
[SourceTitle "playchess.com"]
[Source "ChessBase"]
[SourceQuality "1"]

{[%evp 20,72,27,27,56,50,63,40,41,11,19,41,6,12,8,0,8,-39,-39,-39,-40,-29,-22,-105,-94,-119,-120,-181,-181,-272,-279,-263,-268,-264,-262,-456,-469,-447,-433,-689,-737,-841,-833,-827,-765,-795,-697,-696,-675,-1142,-1140,-29983,-29983,-7262,-3704]} 1. c4 c5 2. Nf3 g6 3. d4 cxd4 4. Nxd4 Nc6 5. e4 Nf6 6. Nc3 d6 7. Be2 Nxd4 8. Qxd4 Bg7 9. O-O O-O 10. Bg5 h6 11. Bd2 {LiveBook: 8 Games. B36: Sicilian: Maroczy Bind: Gurgenidze System} Ng4 (11... Be6 12. Qd3 Nd7 13. b3 Nc5 14. Qe3 Bd7 15. Rad1 a5 16. f4 Bc6 17. e5 Nd7 18. exd6 exd6 {1-0 (32) Robson,R (2596)-Belous,V (2522) Moscow 2012}) 12. Qd3 Ne5 {[%cal Bg4e5,Be5c6,Bc6d4,Bd4e2][%mdl 32]} 13. Qc2 {White is slightly better.} f5 14. f4 $146 ({Predecessor:} 14. c5 dxc5 15. Rad1 Nd7 16. exf5 gxf5 17. Be3 Qe8 18. Nd5 Rb8 19. Nc7 Qg6 20. Ne6 b6 21. Bb5 Ne5 22. Nxf8 Bxf8 23. Bf4 Bb7 24. f3 {1-0 (24) Szuecs,C-Eberth,Z Hungary 1996}) 14... Nc6 15. Be3 Nd4 16. Qd2 Nxe2+ 17. Nxe2 fxe4 18. Bd4 e5 19. Be3 Be6 $36 {[%mdl 2048] Black has good play.} 20. Rac1 Kh7 21. Ng3 (21. Rfe1 $11 {keeps the balance.}) 21... exf4 $17 22. Bxf4 d5 {[%cal Bd6d5,Bd5d4,Bd4d3][%mdl 32]} 23. c5 (23. cxd5 $17 Qxd5 24. Rc7) 23... Qd7 24. Bd6 (24. h3 $142) 24... Rxf1+ $19 25. Rxf1 Qa4 26. Ne2 Qxa2 27. Nf4 $2 {[#]} (27. Nd4 Re8 28. Bf4) 27... d4 28. Qe2 Bf5 {Strongly threatening ...d3.} 29. g4 (29. Nh5 $142 d3 30. Qf2 Qxb2 31. Nxg7 Qxg7 32. Re1) 29... d3 30. Qg2 Bd4+ 31. Kh1 {[#]} Bd7 $1 32. Nxg6 Qe6 33. Nf4 Qe8 {aiming for ...Bc6.} 34. g5 {intending g6+.} Bc6 35. Qh3 e3+ 36. Ng2 Qg6 {Precision: White = 35%, Black = 88%.} 0-1

[Event "68th RUS-ch Women Superfinal 2018"]
[Site "Satka"]
[Date "2018.09.01"]
[Round "7"]
[White "Tomilova, Elena"]
[Black "Gritsayeva, Oksana"]
[Result "1-0"]
[WhiteElo "2332"]
[BlackElo "2391"]
[Annotator "NA"]
[PlyCount "101"]
[EventDate "2018.08.25"]
[EventType "tourn"]
[EventCountry "RUS"]
[SourceTitle "playchess.com"]
[Source "ChessBase"]
[SourceQuality "1"]
[TimeControl "40/5400+30:1800+30"]

{[%evp 16,87,82,74,62,69,136,116,177,164,169,152,157,141,197,187,195,102,102,83,244,32767,502,381,32767,372,389,32767,222,204,193,154,32767,32767,222,32767,32767,32767,32767,158,133,123,148,150,145,150,32767,126,32767,115,32767,94,87,75,32767,32767,32767,128,183,32767,32767,32767,38,32767,181,182,32767,32767,32767,32767,216,357,408,441]} 1. Nf3 {[%emt 0:00:00]} c5 {[%emt 0:00:00]} 2. c4 {[%emt 0:00:00]} Nc6 {[%emt 0:00:10]} 3. Nc3 {[%emt 0:00:00]} g6 {[%emt 0:00:20]} 4. e3 {[%emt 0:00:53]} Bg7 {[%emt 0:01:07]} 5. d4 {[%emt 0:00:32]} d6 {[%emt 0:00:50]} 6. d5 {[%emt 0:00:44]} Ne5 {[%emt 0:01:15]} 7. Nxe5 {[%emt 0:00:35]} Bxe5 {[%emt 0:00:13]} 8. Bd3 {[%emt 0:01:49]} Bxc3+ {[%emt 0:06:58] A35: Englische Eröffnung (Symmetrische Variante)} 9. bxc3 {[%emt 0:00:06] LiveBook: 3 Games} e5 {[%emt 0:05:51]} 10. e4 {[%emt 0:05:28]} Qa5 $146 {[%emt 0:08:43]} (10... Nf6 $142) ({Vorgänger:} 10... Bd7 11. f4 Qc7 12. O-O f6 13. a4 O-O-O 14. fxe5 dxe5 15. a5 Kb8 16. Be3 {1-0 (26) Iturrizaga Bonelli,E (2605)-Popov,I (2582) Puerto Madryn 2009}) 11. O-O {[%emt 0:09:07]} Bd7 {[%emt 0:03:58]} 12. f4 {[%emt 0:04:15]} f6 {[%emt 0:04:42]} 13. fxe5 {[%emt 0:04:18]} dxe5 {[%emt 0:01:08]} 14. Rb1 {[%emt 0:01:06]} O-O-O {[%emt 0:03:33]} (14... Rb8 $16 15. Bg5 Qd8) 15. Rf2 {[%emt 0:04:09]} h5 {[%emt 0:04:37] [#]} 16. Rb3 {[%emt 0:21:13]} ({Don't take} 16. Qb3 $6 b6 $16) (16. Rfb2 $1 $18 {[%cal Rb2b7] has better winning chances.} b6 17. Qe1) 16... Qc7 {[%emt 0:10:36]} 17. Qf1 {[%emt 0:01:18]} Qd6 $2 {[%emt 0:02:19]} (17... Kb8 $16 {was necessary.}) 18. Be3 {[%emt 0:04:14]} Kc7 $2 {[%emt 0:03:22]} (18... Be8 {is a better chance.} 19. a4 Kb8) 19. a4 {[%emt 0:03:30]} b6 {[%emt 0:03:21] [#]} 20. a5 $1 {[%emt 0:02:22]} Rb8 {[%emt 0:00:34]} 21. Ra3 {[%emt 0:02:48]} Rh7 {[%emt 0:02:28]} 22. axb6+ {[%emt 0:00:41]} axb6 {[%emt 0:00:04]} 23. Qa1 {[%emt 0:02:26]} Ne7 {[%emt 0:01:33]} 24. Ra7+ {[%emt 0:05:08]} Rb7 {[%emt 0:01:11]} 25. Ra8 {[%emt 0:01:48]} Rb8 {[%emt 0:03:48]} 26. Ra6 {[%emt 0:02:19]} Rf7 {[%emt 0:04:16]} 27. Bc2 {[%emt 0:05:48]} (27. Rb2 $18) 27... Kd8 {[%emt 0:05:18]} 28. Bg5 {[%emt 0:02:13]} Be8 {[%emt 0:03:35]} 29. Qf1 {[%emt 0:01:12]} Ng8 {[%emt 0:01:02]} 30. Be3 {[%emt 0:03:13]} Ke7 {[%emt 0:03:45]} 31. h3 {[%emt 0:00:21]} Kf8 {[%emt 0:00:24]} 32. Qa1 {[%emt 0:00:23]} Ne7 {[%emt 0:01:38]} 33. Bd1 {[%emt 0:01:49]} Kg7 {[%emt 0:03:01]} 34. Ra7 {[%emt 0:02:04]} Nc8 {[%emt 0:01:12]} 35. Rxf7+ {[%emt 0:00:34]} Bxf7 {[%emt 0:00:22]} 36. g4 {[%emt 0:01:45]} Qe7 {[%emt 0:04:07]} 37. gxh5 {[%emt 0:01:59]} gxh5 {[%emt 0:00:38]} 38. Rg2+ {[%emt 0:00:16]} Kh7 $1 {[%emt 0:01:02]} 39. Qb2 {[%emt 0:00:50]} Nd6 {[%emt 0:00:43]} ({Better is} 39... Ra8 $14) 40. Bxc5 $1 {[%emt 0:00:00]} Qc7 {[%emt 0:00:00]} 41. Bxd6 {[%emt 0:03:57]} Qxd6 {[%emt 0:02:23]} 42. Kh2 {[%emt 0:04:38]} Bg6 {[%emt 0:04:26]} 43. Qf2 {[%emt 0:03:21]} Bxe4 {[%emt 0:03:26] [#]} 44. Rg1 $18 {[%emt 0:07:53]} Bg6 {[%emt 0:05:49]} 45. Qg3 {[%emt 0:03:17]} Rg8 {[%emt 0:03:47]} 46. Bc2 {[%emt 0:00:54]} Qc5 {[%emt 0:14:58]} 47. Bxg6+ {[%emt 0:00:28]} Kh6 {[%emt 0:00:05]} 48. d6 {[%emt 0:00:59]} Rg7 {[%emt 0:00:46]} 49. d7 {[%emt 0:00:52]} Rg8 {[%emt 0:02:39]} 50. Qh4 {[%emt 0:01:45]} e4 {[%emt 0:01:13]} 51. Qf4+ {[%emt 0:00:24]} 1-0

[Event "68th RUS-ch Women Superfinal 2018"]
[Site "Satka"]
[Date "2018.09.02"]
[Round "8"]
[White "Gunina, Valentina"]
[Black "Kashlinskaya, Alina"]
[Result "0-1"]
[WhiteElo "2528"]
[BlackElo "2440"]
[Annotator "TA"]
[PlyCount "52"]
[EventDate "2018.08.25"]
[EventType "tourn"]
[EventCountry "RUS"]
[SourceTitle "playchess.com"]
[Source "ChessBase"]
[SourceQuality "1"]

{[%evp 20,52,13,8,17,15,17,9,15,5,0,-27,-35,-22,-30,-22,-31,-192,-194,-209,-208,-195,-201,-202,-195,-295,-312,-304,-300,-267,-181,-650,-632,-622,-618]} 1. e4 e5 2. Nf3 Nf6 3. Nxe5 d6 4. Nf3 Nxe4 5. Nc3 Nxc3 6. dxc3 Be7 7. Be3 Nc6 8. Bc4 O-O 9. Qd2 Ne5 10. Nxe5 dxe5 11. O-O-O Qxd2+ {C42: Petroff Defence: 3 Nxe5 and unusual White 3rd moves} 12. Rxd2 Bf5 13. Rhd1 a6 {[#] The position is equal.} 14. f3 $146 ({Predecessor:} 14. h3) 14... h5 15. g4 hxg4 16. fxg4 Bxg4 17. Rg1 Be6 18. Bd5 $2 (18. Bxe6 $15 fxe6 19. Rdg2) 18... Bxd5 $19 19. Rxd5 f6 $1 {[%cal Bf7f6,Bf6f5,Bf5f4,Bf4f3,Bf3f2][%mdl 32]} 20. Rd7 Rf7 21. Rxc7 {[#] and if Rd1 works, White does fine.} f5 $1 22. Kd1 (22. Rc4 $142) 22... f4 23. Bf2 Rd8+ 24. Ke2 e4 25. Bd4 $2 {[#]} (25. Rxe7 Rxe7 26. Bh4) 25... f3+ $1 26. Ke3 f2 {Precision: White = 26%, Black = 97%.} 0-1

[Event "68th RUS-ch Women Superfinal 2018"]
[Site "Satka"]
[Date "2018.09.02"]
[Round "8"]
[White "Girya, Olga"]
[Black "Protopopova, Anastasiya"]
[Result "1-0"]
[WhiteElo "2462"]
[BlackElo "2332"]
[Annotator "TA"]
[PlyCount "81"]
[EventDate "2018.08.25"]
[EventType "tourn"]
[EventCountry "RUS"]
[SourceTitle "playchess.com"]
[Source "ChessBase"]
[SourceQuality "1"]

{[%evp 16,81,19,7,60,71,99,83,99,97,91,106,104,91,115,112,109,108,128,125,143,91,139,131,155,158,154,147,214,193,215,218,220,216,277,241,233,208,212,228,213,212,228,228,228,210,220,216,215,219,362,394,390,385,405,389,460,456,689,697,809,797,1056,1052,1013,1001,29978,12845]} 1. d4 d5 {[%cal Bd7d5,Bd5c4][%mdl 32]} 2. c4 c6 3. Nc3 dxc4 4. e3 b5 {[%cal Bb7b5,Bb5b4][%mdl 32]} 5. a4 b4 6. Ne4 {D10: Slav Defence: 3 cxd5 (without early Nf3) and 3 Nc3} Qd5 7. Nd2 c3 8. bxc3 bxc3 9. Nb1 {[%cal Bd2b1,Bb1c3,Bc3e4][%mdl 32] LiveBook: 28 Games} e5 (9... Qa5 $11 10. Qc2 e5) (9... Qa5 10. Qc2 Na6 11. Qxc3 Qxc3+ 12. Nxc3 Nb4 13. Rb1 a5 {1-0 (79) Wojtaszek,R (2750)-Bartel,M (2604) Warsaw 2018}) 10. Nxc3 $14 Bb4 11. Bd2 Qa5 {[#]} 12. Ne4 $1 {[%cal Re4d6] Strongly threatening Nd6+!} Bxd2+ 13. Qxd2 Qxd2+ 14. Kxd2 {Threatens to win with Nd6+.} Nd7 $146 ({Predecessor:} 14... exd4) 15. Nf3 Ngf6 16. Nxf6+ gxf6 17. Bd3 c5 18. dxe5 (18. Rab1 $142) 18... fxe5 19. Rab1 $36 {[%mdl 2048] Keeping Black busy.} a6 20. Rhc1 Ke7 21. a5 f6 (21... Ra7 $16 22. Nh4 Kd8) 22. Ke2 Ra7 23. Be4 Rc7 24. Nh4 Nf8 25. Rb6 Rg8 26. g3 Rg5 27. f4 exf4 28. exf4 Rh5 29. Bf3 Rh6 30. Kf2 Ng6 31. Re1+ Kf7 32. Bd5+ Kg7 (32... Kf8 {was called for.} 33. Rxf6+ Kg7 34. Rxa6 c4) 33. Re8 $18 {[%csl Gd5][%cal Re8g8]} Ne7 34. Bc4 f5 35. Bxa6 Be6 36. Bc4 Kf7 (36... Bxc4 $142 37. Rxe7+ Rxe7 38. Nxf5+ Kf8 39. Rxh6 Re2+ 40. Kf3 Ra2 41. Rxh7 Bd3 42. Rh8+ Kf7) 37. Rd8 Rc6 38. Rd6 Rxb6 39. axb6 {[%cal Ba5b6,Bb6b7][%mdl 32] White threatens b7 and mate.} Bxc4 40. Rxh6 {b7 would kill now.} Kg7 {[#]} 41. b7 $1 {[%mdl 512] Precision: White = 94%, Black = 57%.} 1-0

[Event "68th RUS-ch Women Superfinal 2018"]
[Site "Satka"]
[Date "2018.09.02"]
[Round "8"]
[White "Bodnaruk, Anastasia"]
[Black "Goryachkina, Aleksandra"]
[Result "0-1"]
[WhiteElo "2449"]
[BlackElo "2535"]
[Annotator "TA"]
[PlyCount "132"]
[EventDate "2018.08.25"]
[EventType "tourn"]
[EventCountry "RUS"]
[SourceTitle "playchess.com"]
[Source "ChessBase"]
[SourceQuality "1"]

{[%evp 11,132,14,18,5,25,20,25,22,46,41,41,43,49,50,47,50,44,46,70,33,39,43,42,37,35,16,71,45,19,20,12,16,27,0,0,0,54,0,6,2,13,0,0,0,0,0,19,0,0,0,39,0,42,-35,47,0,-10,-74,0,-95,-96,-126,-91,-75,-59,-80,-74,-583,-591,-589,-572,-583,-552,-582,-576,-562,-573,-553,-551,-559,-443,-455,-455,-439,-438,-384,-413,-301,-260,-449,-437,-418,-419,-336,-355,-2495,-2303,-1914,-1723,-1811,-872,-1407,-1562,-29975,-29977,-29977,-29978,-29978,-29977,-29979,-29978,-29979,-29980,-29981,-29982,-29982,-29983,-29983,-29983,-29984,-29985,-29985,-29986]} 1. e4 c6 2. d4 d5 3. e5 Bf5 4. Nd2 e6 5. Nb3 Nd7 6. Nf3 Qc7 {LiveBook: 46 Games. B12: Caro-Kann: Advance Variation} (6... Ne7 7. Be2 Ng6 8. O-O f6 9. c4 dxc4 10. Bxc4 fxe5 11. Ng5 Qf6 12. g4 Nf4 13. Bxf4 exf4 14. Nxe6 Bxe6 15. Bxe6 {½-½ (46) Grischuk,A (2766)-Mamedyarov,S (2808) Paris 2018}) 7. Nh4 Bg6 $146 ({Predecessor:} 7... Be4 8. f3 Bg6 9. Nxg6 hxg6 10. f4 c5 11. c3 Ne7 12. Be3 Nf5 13. Bf2 cxd4 14. cxd4 {1-0 (37) Sasikiran,K (2671)-Tari,A (2597) Moscow 2018}) 8. Be2 c5 {The position is equal.} 9. c3 Ne7 10. O-O Nc6 11. Be3 Be7 12. Nxg6 hxg6 13. f4 {[%cal Rb3c5]} c4 14. Nd2 Rb8 15. b3 b5 16. a4 a6 17. axb5 (17. b4 {seems wilder.} Nb6 18. axb5 axb5 19. Nb1 Na4 20. Qd2) 17... axb5 18. Rb1 (18. Qc2 {feels hotter.} O-O 19. g4 Ra8 20. bxc4 bxc4 21. Bf3) 18... f5 (18... Ra8 $11) 19. exf6 gxf6 20. bxc4 bxc4 21. Rxb8+ Qxb8 22. Nf3 Bd6 23. g3 Ne7 ({Black should try} 23... g5 $11) 24. Qc2 (24. Qe1 $14) 24... Nf5 25. Bf2 Kf7 26. g4 Nh6 {[%cal Bf5h6,Bh6g8,Bg8e7,Be7c6][%mdl 32]} 27. Nh4 $1 f5 28. g5 {Threatening Rb1.} Ng8 29. Bg3 $1 Ne7 30. Nf3 Qa7 31. Bd1 Nc6 32. Re1 ({Better is} 32. Qd2 $14) 32... Qa3 (32... Ra8 $1 $15) 33. Qe2 (33. h4 $14) 33... Re8 $11 34. Qe3 {[#]} (34. Qc2 $11) 34... Bc7 (34... Nc5 $1 $17 {[%cal Rc5e4][%mdl 512] ...Ne4 is the strong threat.} 35. Bc2 (35. dxc5 Bxc5) 35... Ne4 36. Bxe4 fxe4 37. Ne5+ Bxe5 38. dxe5 Ne7) 35. Re2 {[#]} (35. Be2 $11 {keeps the balance.}) 35... Qa1 $1 $17 {[%cal Ra1d1]} 36. Qd2 Ba5 37. Re3 Rb8 $36 {[%mdl 2048] Black has some pressure.} 38. Be1 $1 Bc7 {[%cal Ba5c7,Bc7b6,Bb6e3][%mdl 32]} 39. Ne5+ $2 {[%mdl 8192]} (39. Re2 $17 {lives longer.}) 39... Ndxe5 $19 40. fxe5 Rb2 41. Bc2 {[#]} Nxe5 $1 {[%mdl 512]} 42. dxe5 Bb6 43. Kf1 {[#]} Rxc2 $1 44. Qxc2 {Strongly threatening Rh3.} Bxe3 45. h4 Bf4 {aiming for ...Bg3.} 46. Qf2 Bxe5 47. Qe3 Bg7 48. h5 gxh5 49. g6+ Kf6 ({Don't play} 49... Kxg6 50. Qxe6+ Bf6 51. Qg8+ Kh6 52. Qf8+ Bg7 53. Qd6+ Kh7 54. Qxd5 $17) 50. Kg2 $2 (50. Ke2 {was the only defense.} f4 51. Qxf4+ Kxg6 52. Qd6 Qb2+ 53. Bd2) 50... Qb2+ 51. Kh3 {intending Bh4+.} f4 52. Qxf4+ Kxg6 53. Bd2 $2 (53. Qe3 Kf7 54. Qa7+ Kg8 55. Qe3) 53... Qc2 54. Qg5+ Kf7 55. Qxh5+ Kf8 (55... Qg6 $142 56. Qf3+ Bf6) 56. Qf3+ Qf5+ 57. Kg2 Qxf3+ {Black mates.} 58. Kxf3 {[%mdl 4096] Endgame KB-KB} Kf7 59. Be1 Kg6 60. Kg4 Be5 61. Kf3 Kf5 62. Ke3 Bc7 63. Kd2 Ba5 64. Bf2 Ke4 65. Kc2 e5 66. Bg3 d4 {Precision: White = 35%, Black = 63%.} 0-1

[Event "68th RUS-ch Women Superfinal 2018"]
[Site "Satka"]
[Date "2018.09.02"]
[Round "8"]
[White "Galliamova, Alisa"]
[Black "Tomilova, Elena"]
[Result "1-0"]
[WhiteElo "2424"]
[BlackElo "2332"]
[Annotator "TA"]
[PlyCount "109"]
[EventDate "2018.08.25"]
[EventType "tourn"]
[EventCountry "RUS"]
[SourceTitle "playchess.com"]
[Source "ChessBase"]
[SourceQuality "1"]

{[%evp 13,109,15,35,42,52,34,39,43,37,41,27,29,11,22,16,10,27,21,28,22,24,6,20,25,27,21,54,54,50,45,51,23,38,43,98,113,101,92,82,0,74,72,73,61,785,170,578,524,2319,2222,2025,959,918,868,868,0,743,0,758,751,716,0,0,0,0,0,0,0,0,0,112,118,324,324,319,270,243,254,292,283,425,388,12843,588,12844,12844,12845,12845,12845,12843,12843,12843,12844,12844,12846,12847,12847,12847]} 1. d4 d5 2. c4 dxc4 3. Nf3 Nf6 4. e3 b5 5. a4 b4 6. Bxc4 {D25: Queen's Gambit Accepted: 4 e3: sidelines and 4...Bg4} e6 7. a5 Be7 {LiveBook: 3 Games} (7... a6 8. Nbd2 Bb7 9. O-O c5 10. Nb3 Nbd7 11. dxc5 Nxc5 12. Nxc5 Bxc5 {1-0 (45) Bluebaum,M (2631)-Anand,V (2776) Karlsruhe/Baden-Baden 2018}) 8. a6 {White is slightly better.} O-O 9. O-O c5 10. Nbd2 Nbd7 11. Qe2 cxd4 $146 ({Predecessor:} 11... Nb6 12. Bd3 cxd4 13. Nxd4 {1-0 (44) Popilski,G (2552)-Chandra,A (2491) Dallas 2016}) 12. exd4 Nb6 13. Bd3 Bd7 14. Ne5 Rc8 15. Ndf3 Bc6 16. Nxc6 Rxc6 17. Bf4 {[%cal Bc1f4,Bf4g3,Bg3e5][%mdl 32]} Nfd5 18. Bg3 ({Don't blunder} 18. Qe4 $2 f5 $19) 18... Bd6 19. Rac1 Qc7 20. Rxc6 Qxc6 21. Ng5 Nf6 22. Be5 Nbd5 23. Qf3 {Hoping for Bxf6.} Qd7 ({Black should play} 23... h6 $14 24. Bxf6 gxf6) 24. Qg3 $1 $16 Rd8 25. Rc1 $1 g6 {[#]} 26. h3 (26. Bxd6 $1 $16 Qxd6 27. Qxd6 Rxd6 28. Rc8+ Kg7 29. g3) 26... Nh5 (26... Bf8 $11 {remains equal.}) 27. Qf3 {Bxd6 is the strong threat.} Bxe5 28. dxe5 Ndf4 $2 {[%mdl 8192]} (28... Ng7 $14) 29. Bf1 $2 (29. Qb7) 29... Qd2 $2 (29... Qe7 {is a better chance.}) 30. Rc7 $1 $18 {[%csl LRa7,LRf7]} Qxb2 31. Nxf7 Rf8 32. Rxa7 (32. Qb7 $142 Kg7 33. Qxa7 Ne2+ 34. Kh2) 32... Qc1 33. Nh6+ Kh8 34. Nf7+ Kg8 35. Nh6+ Kh8 {Black hopes to continue with ...b3.} 36. Rf7 Rc8 37. a7 $2 (37. Qe3 $18 b3 {[#]} 38. Rf8+ $1 {[%mdl 512]} Kg7 39. Rxc8 Qxc8 40. Qxb3) 37... Qxf1+ $1 $11 38. Kh2 Ne2 $1 {[%csl Ge2][%cal Rf1g1]} 39. Rf8+ $40 {[%mdl 128] White mounts an attack.} Kg7 {[%csl Ge2][%cal Rf1g1] [#]} 40. Qxe2 $1 {[%mdl 512]} Qxe2 41. Rxc8 {And now Ng4 would win.} Qxe5+ (41... Qxf2 $11 {keeps the balance.} 42. a8=Q Qg3+ 43. Kh1 Qe1+ 44. Kh2 Qxe5+ 45. Kg1 Qe3+ 46. Kh2 Qg3+ 47. Kh1 Qe1+ 48. Kh2 Qe5+ 49. Kg1 Qd4+ 50. Kh1 Kxh6) 42. g3 $16 {Threatens to win with Ng4.} Kxh6 $2 (42... Qd4 $16 43. a8=Q Qxf2+ 44. Qg2 Qxg2+ 45. Kxg2 Kxh6) 43. a8=Q $18 {[%mdl 4096] Endgame KQR-KQN} b3 {intending ...Qf5.} 44. Rc1 Qf5 {aiming for ...b2.} 45. Rf1 b2 46. Qb8 Qc2 (46... Qf6 {is a better defense.} 47. Qb4 g5) 47. Qf8+ Kg5 $2 (47... Ng7) 48. h4+ {White is clearly winning.} Kg4 {If only Black now had time for ...e5....} 49. Kg2 {[%csl Gg2][%cal Rf8f3]} Qe2 {[#]} 50. Re1 $1 {[%mdl 512]} Nxg3 (50... Qxe1 51. Qf3#) 51. Rxe2 Nxe2 52. f3+ Kh5 53. Qf6 {[%csl Gh4][%cal Rf6g5]} h6 54. Qxb2 Nf4+ 55. Kg3 {Precision: White = 56%, Black = 40%.} 1-0